| 000 | 00902nam a2200253 a 4500 | ||
|---|---|---|---|
| 003 | OSt | ||
| 005 | 20130625165719.0 | ||
| 008 | 130625s1991 sz ||||| |||| 00| 0 spa d | ||
| 020 | _a92 4 320809 8 | ||
| 040 | _cBiblioteca Medicina | ||
| 041 | _aspa | ||
| 082 | _aOMS IT 809 | ||
| 110 |
_aOrganizacion Mundial de la Salud _91006 |
||
| 245 | 0 | 2 |
_aLa participacion de la comunidad en el desarrollo de su salud: un desafio para los servicios de salud. _bInforme de un Grupo de Estudio de la OMS |
| 250 | _a1° ed. | ||
| 260 |
_aGinebra _bOrganizacion Mundial de la Salud _c1991 |
||
| 300 | _a59 p. | ||
| 440 | 0 | 0 |
_aInformes Tecnicos _n809 _92456 |
| 653 | _aPARTICIPACION COMUNITARIA | ||
| 653 | _aSERVICIOS DE SALUD COMUNITARIA | ||
| 653 | _aPLANIFICACION DE LA SALUD | ||
| 942 |
_2ddc _cPH |
||
| 999 |
_c1518 _d1518 |
||
| 952 |
_pH0039 _40 _00 _bBFM _10 _oOMS IT 809 _d2013-06-25 _tEj. 1 _8NFIC _70 _cCR _2ddc _yPH _aBFM |
||